Medical-Surgical Nursing : (Record no. 10878)

MARC details
000 -LEADER
fixed length control field 01382pam a2200325 a 4500
001 - CONTROL NUMBER
control field 3906489
005 - DATE AND TIME OF LATEST TRANSACTION
control field 19910805150030.1
008 - FIXED-LENGTH DATA ELEMENTS--GENERAL INFORMATION
fixed length control field 910801s1992 moua b 001 0 eng c
010 ## - LIBRARY OF CONGRESS CONTROL NUMBER
LC control number 91029930
020 ## - INTERNATIONAL STANDARD BOOK NUMBER
International Standard Book Number 0323037429
020 ## - INTERNATIONAL STANDARD BOOK NUMBER
International Standard Book Number 9780323037426
040 ## - CATALOGING SOURCE
Original cataloging agency DNLM/DLC
Transcribing agency DLC
Modifying agency DLC
050 10 - LIBRARY OF CONGRESS CALL NUMBER
Classification number RT41
Item number .M488 1992
060 ## - NATIONAL LIBRARY OF MEDICINE CALL NUMBER
Classification number WY 100 M489
082 00 - DEWEY DECIMAL CLASSIFICATION NUMBER
Classification number 610.73
Edition number 20
Item number MED
245 00 - TITLE STATEMENT
Title Medical-Surgical Nursing :
Remainder of title Assessment and Management of Clinical Problems /
Statement of responsibility, etc [edited by] Sharon Mantik Lewis...[et. al.].
250 ## - EDITION STATEMENT
Edition statement 7th ed.
260 ## - PUBLICATION, DISTRIBUTION, ETC. (IMPRINT)
Place of publication, distribution, etc Philadelphia :
Name of publisher, distributor, etc Mosby Elsevier,
Date of publication, distribution, etc c2007.
300 ## - PHYSICAL DESCRIPTION
Extent 556 p. :
Other physical details ill. ;
Dimensions 28 cm. +
Accompanying material 1 CD-ROM (4 3/4 in.)
504 ## - BIBLIOGRAPHY, ETC. NOTE
Bibliography, etc Includes bibliographical references and index.
650 #0 - SUBJECT ADDED ENTRY--TOPICAL TERM
Topical term or geographic name as entry element Nursing.
9 (RLIN) 20386
650 #0 - SUBJECT ADDED ENTRY--TOPICAL TERM
Topical term or geographic name as entry element Surgical nursing.
9 (RLIN) 20387
650 #2 - SUBJECT ADDED ENTRY--TOPICAL TERM
Topical term or geographic name as entry element Nursing Assessment.
9 (RLIN) 20388
650 #2 - SUBJECT ADDED ENTRY--TOPICAL TERM
Topical term or geographic name as entry element Nursing Care.
9 (RLIN) 20389
700 1# - ADDED ENTRY--PERSONAL NAME
Personal name Lewis, Sharon Mantik.
9 (RLIN) 20390
942 ## - ADDED ENTRY ELEMENTS (KOHA)
Source of classification or shelving scheme Dewey Decimal Classification
Item type
Holdings
Withdrawn status Item status Source of classification or shelving scheme Materials specified (bound volume or other part) Damaged status Not for loan Vendor Home library Current library Shelving location Date acquired Cost, normal purchase price Serial Enumeration / chronology Total Checkouts Total Renewals Full call number Barcode Date last seen Date last borrowed Koha item type Source of acquisition
    Dewey Decimal Classification Repaired     Alahram Central Library Central Library First floor 18/02/2009 780.00 379 50 194 610.73 MED 000014837 15/07/2025 07/03/2016 Book - Borrowing  
  Lost Dewey Decimal Classification Lost In Inventory_2015-8-23     Alahram Central Library Central Library First floor 18/02/2009 780.00 379 12 11 610.73 MED 000036727 19/10/2014 05/06/2014 CD | DVD - With book